| 000 | 00000nam##2200000za#4500 |
| 001 | 9.540082 |
| 003 | CaOODSP |
| 005 | 20200709171149 |
| 007 | ta |
| 008 | 150406|2005||||xxc||||| f|0| 0 eng|d |
| 040 | |aCaOODSP|beng |
| 041 | |aeng |
| 041 | |afre |
| 043 | |an-cn--- |
| 086 | 1 |aRv55-5/11-4-20-2005 |
| 110 | 2 |aCanada Border Services Agency. |
| 245 | 10|aProcedures for verifications of origin under a free trade agreement |
| 260 | |bCanada Border Services Agency |
| 300 | |aEnglish text, 21p. : |breferences ; |c28 cm. |
| 490 | 1 |aCustoms D memoranda. D11, General tariff information |vD11-4-20, June 29, 2005 |
| 563 | |aLoose-leaf |
| 776 | 0#|tProcedures for verifications of origin under a free trade agreement |w(CaOODSP)9.580872 |
| 776 | 0#|tProcédures pour les vérifications de l'origine dans le cadre d'un accord de libre-échange |w(CaOODSP)9.607809 |
| 792 | |tProcédures pour les vérifications de l'origine dans le cadre d'un accord de libre-échange |efre|w(CaOODSP)9.540083 |
| 830 | #0|aCustoms D memoranda. D11, General tariff information ;|vD11-4-20, June 29, 2005|w(CaOODSP)9.510862 |
| 986 | |aD11-4-20 |